Permaisura Iskandar Syah
| Main Author: | |
|---|---|
| Format: | Book |
| Published: |
Petaling Jaya :
Flo Enterprise Sdn.Bhd. ,
1996
|
| Series: | Siri Kesultanan Melaka
|
| Subjects: |
MARC
| LEADER | 00000cam a2200000 7i4500 | ||
|---|---|---|---|
| 001 | 0000008106 | ||
| 002 | 000008844 | ||
| 005 | 20000330.0 | ||
| 020 | |a 9679710122 | ||
| 090 | 0 | 0 | |a JF |b MUN |
| 100 | 1 | |a Munir Ali | |
| 245 | 1 | 0 | |a Permaisura Iskandar Syah |c Munir Ali |
| 260 | |a Petaling Jaya : |b Flo Enterprise Sdn.Bhd. , |c 1996 | ||
| 300 | |a 46p. : |b ill ; |c 18cm. | ||
| 490 | 0 | |a Siri Kesultanan Melaka | |
| 650 | 0 | 0 | |a Children's stories |
| 999 | |a 053337 |b BUKU |c PINJAMAN |e PERPUSTAKAAN KOMUNITI PETALING JAYA | ||